Welcome to CU Library Online Public Access Catalogue (OPAC)

Advanced practice nursing : (Record no. 593)

MARC details
000 -LEADER
fixed length control field 00892pam a2200265 a 4500
001 - CONTROL NUMBER
control field 4926468
005 - DATE AND TIME OF LATEST TRANSACTION
control field 20241104163451.0
008 - FIXED-LENGTH DATA ELEMENTS--GENERAL INFORMATION
fixed length control field 950816s1996 paua b 001 0 eng c
020 ## - INTERNATIONAL STANDARD BOOK NUMBER
International Standard Book Number 0397551800
050 00 - LIBRARY OF CONGRESS CALL NUMBER
Classification number RT82.8
Item number .A385 1996
082 00 - DEWEY DECIMAL CLASSIFICATION NUMBER
Classification number 610.73/06/92
Edition information 20
245 00 - TITLE STATEMENT
Title Advanced practice nursing :
Remainder of title changing roles and clinical applications /
Statement of responsibility, etc. [edited by] Joanne V. Hickey, Ruth M. Ouimette, Sandra L. Venegoni.
260 ## - PUBLICATION, DISTRIBUTION, ETC.
Place of publication, distribution, etc. Philadelphia :
Name of publisher, distributor, etc. Lippincott,
Date of publication, distribution, etc. c1996.
300 ## - PHYSICAL DESCRIPTION
Extent xviii, 377 p. :
Other physical details ill. ;
Dimensions 24 cm.
650 #0 - SUBJECT ADDED ENTRY--TOPICAL TERM
Topical term or geographic name entry element Nurse practitioners.
650 #0 - SUBJECT ADDED ENTRY--TOPICAL TERM
Topical term or geographic name entry element Primary care (Medicine)
650 #0 - SUBJECT ADDED ENTRY--TOPICAL TERM
Topical term or geographic name entry element Nurse practitioners
Geographic subdivision United States.
650 #0 - SUBJECT ADDED ENTRY--TOPICAL TERM
Topical term or geographic name entry element Primary care (Medicine)
Geographic subdivision United States.
650 12 - SUBJECT ADDED ENTRY--TOPICAL TERM
Topical term or geographic name entry element Nurse Clinicians.
650 12 - SUBJECT ADDED ENTRY--TOPICAL TERM
Topical term or geographic name entry element Nurse Practitioners.
700 1# - ADDED ENTRY--PERSONAL NAME
Personal name Hickey, Joanne V.
700 1# - ADDED ENTRY--PERSONAL NAME
Personal name Ouimette, Ruth M.
700 1# - ADDED ENTRY--PERSONAL NAME
Personal name Venegoni, Sandra L.
942 ## - ADDED ENTRY ELEMENTS (KOHA)
Source of classification or shelving scheme Library of Congress Classification
Koha item type Books
Suppress in OPAC No
999 ## -
-- 593
-- 593
Holdings
Withdrawn status Lost status Source of classification or shelving scheme Damaged status Not for loan Collection Home library Current library Shelving location Date acquired Total checkouts Full call number Barcode Date last seen Copy number Price effective from Koha item type
    Library of Congress Classification     Non-fiction Undergraduate Library (Christ Temple) Undergraduate Library (Christ Temple) General stacks 11/04/2024   RT 82. A385 HIC ulct00000147 11/04/2024 1 11/04/2024 Books
© 2023-2024 Copyright: Central University Libraries. All Rights Reserved | Created by: Mahone Tech Office